000 00349 a2200157 4500
001 168646
020 _a
040 _cMagnum
100 _aWhitcher, Susan
240 1 0 _aAs verdadeiras mumias nao sangram
_lpor
245 1 0 _aAs verdadeiras mumias nao sangram
362 0 _a1899
440 1 _aJosé Olympio
697 _aJ/FICCAO
942 _cBK
999 _c168646
_d168646